La estabilidad y la inestabilidad en los procesos de inserción laboral de jóvenes en Argentina y en Francia (Registro nro. 34737)

Detalles MARC
000 -LEADER
fixed length control field 00497 a2200145 4500
001 - CONTROL NUMBER
control field ART_44996
005 - DATE AND TIME OF LATEST TRANSACTION
control field 20260410162039.0
008 - FIXED-LENGTH DATA ELEMENTS--GENERAL INFORMATION
fixed length control field 260409a
100 1# - MAIN ENTRY--PERSONAL NAME
Personal name Longo, María Eugenia
245 10 - TITLE STATEMENT
Title La estabilidad y la inestabilidad en los procesos de inserción laboral de jóvenes en Argentina y en Francia
700 1# - ADDED ENTRY--PERSONAL NAME
Personal name Pérez, Pablo Ernesto
700 1# - ADDED ENTRY--PERSONAL NAME
Personal name Busso, Mariana
700 1# - ADDED ENTRY--PERSONAL NAME
Personal name Bidart, Claire
773 0# - HOST ITEM ENTRY
Title Estudios del trabajo
Related parts - Nº 47 (ene./jul. 2014)
Record control number REV44896

No hay ítems disponibles.